02117nam a22002897a 4500001000500000005001700005020003000022020002700052040008800079050001500167082000800182100001800190245009800208250001200306260003400318300002300352490001200375500006300387505000600450505073200456520056901188521001801757521001801775650001101793650001101804650001201815180920251215160422.0 a9780765320995 (hardcover) a0765320991 (hardcover) aBTCTAcBTCTAdBAKERdZGXdWIQdDPLdTEFdXY4dB2AdIHIdOCLCQdEHHdDLCdFISKHbeng00aPZ7.L96775 aFic1 aLubar, David.14aThe battle of the red hot pepper weenies :band other warped and creepy tales /cDavid Lubar. a1st ed. aNew York :bStarscape,c2009. a192 pages ;c22 cm aWeenies aReader's guide includes discussion questions. (p.185-192).0 aK0 aAll the rage -- Frankendance -- The ratty old bumbershoot -- Dear Author -- The wizard's mandolin -- Into the wild blue yonder -- Yackity-yak -- Wish away -- The department store -- The battle of the red hot pepper weenies -- Just like me -- What's eating the vegans? -- Let's have a big hand for Gerald -- Bird shot -- The princess and the pea brain -- Petro-fied -- Time out -- Galactic zap -- The taste of terror -- The cat almost gets a bath -- Yesterday tomorrow -- Take a whack at this -- King of the hill -- Book banning -- Braces -- Turkey calls -- Reel -- Bad luck -- Rattled nerves -- Smart little suckers -- Overdue onto others -- Put on your happy face -- Moods -- Keep your spirits up -- Sting, where is thy death? aA girl doesn't have a date for the school dance--until her dad makes one for her in his lab. "Lily--meet Stitchy." A family enjoys a nice Thanksgiving dinner--until they are interrupted by a torrent of turkeys out for revenge. A princess meets a pea-brained suitor. And the battle of two red hot pepper weenies ends in flames. Critically-acclaimed author and master of the macabre David Lubar returns from a journey into the darkest depths of his brain with thirty-five more warped and creepy tales. And in the tradition of the three previous Weenie collections... a590 bLexile aK bRaz-Plus aCreepy aHorror aMacabre